<?xml version="1.0" encoding="UTF-8"?>
<record
    xmlns:xsi="http://www.w3.org/2001/XMLSchema-instance"
    xsi:schemaLocation="http://www.loc.gov/MARC21/slim http://www.loc.gov/standards/marcxml/schema/MARC21slim.xsd"
    xmlns="http://www.loc.gov/MARC21/slim">

  <leader>03040nam a2200277 a 4500</leader>
  <controlfield tag="003">OSt</controlfield>
  <controlfield tag="005">20251027115213.0</controlfield>
  <controlfield tag="007">cr ||||||a|c|a</controlfield>
  <controlfield tag="008">230427s2020    mx ado|fom||| 001 0 spa d</controlfield>
  <datafield tag="040" ind1=" " ind2=" ">
    <subfield code="e">rda</subfield>
  </datafield>
  <datafield tag="100" ind1="1" ind2=" ">
    <subfield code="9">186845</subfield>
    <subfield code="a">Zamora Elizalde, Mayra Clementina</subfield>
  </datafield>
  <datafield tag="245" ind1="1" ind2="0">
    <subfield code="a">Introducci&#xF3;n de leguminosas herb&#xE1;ceas como opci&#xF3;n de rehabilitaci&#xF3;n en la microcuenca Tula, M&#xE9;xico /</subfield>
    <subfield code="c">Por Mayra Clementina Zamora Elizalde; director de tesis Rosa Mar&#xED;a Garc&#xED;a N&#xFA;&#xF1;ez</subfield>
  </datafield>
  <datafield tag="264" ind1=" " ind2="1">
    <subfield code="a">Chapingo, M&#xE9;xico :</subfield>
    <subfield code="b">El autor,</subfield>
    <subfield code="c">2020.</subfield>
  </datafield>
  <datafield tag="300" ind1=" " ind2=" ">
    <subfield code="a">1 recurso en l&#xED;nea (70 p&#xE1;ginas):</subfield>
    <subfield code="b">Cuadros, figuras, fotograf&#xED;as y tablas</subfield>
  </datafield>
  <datafield tag="336" ind1=" " ind2=" ">
    <subfield code="2">rdacontent</subfield>
    <subfield code="a">texto</subfield>
    <subfield code="b">txt</subfield>
  </datafield>
  <datafield tag="337" ind1=" " ind2=" ">
    <subfield code="2">rdamedia</subfield>
    <subfield code="a">computadora</subfield>
    <subfield code="b">c</subfield>
  </datafield>
  <datafield tag="338" ind1=" " ind2=" ">
    <subfield code="2">rdacarrier</subfield>
    <subfield code="a">recurso en l&#xED;nea</subfield>
    <subfield code="b">cr</subfield>
  </datafield>
  <datafield tag="502" ind1=" " ind2=" ">
    <subfield code="b">MCADS</subfield>
    <subfield code="c">Suelos</subfield>
    <subfield code="d">2020</subfield>
    <subfield code="g">MAE</subfield>
  </datafield>
  <datafield tag="504" ind1=" " ind2=" ">
    <subfield code="a">Incluye referencias bibliogr&#xE1;ficas: p&#xE1;ginas 10-13-28-33-50-56</subfield>
  </datafield>
  <datafield tag="520" ind1=" " ind2=" ">
    <subfield code="a">A nivel mundial, regional y local, existen factores que determinan el cambio de uso de suelo. En la microcuenca Tula se desconocen los factores que han generado el deterioro ambiental en el cual se encuentra. Este deterioro se ve reflejado en perdida de suelo y reducci&#xF3;n en la productividad, lo cual es necesario corregir. Por ello el objetivo de este trabajo fue evaluar la adaptaci&#xF3;n de las leguminosas Macroptilium atropurpureum [(Moc. &amp; Sesse ex DC.) Urban] y Vicia sativa L. a partir de la modelaci&#xF3;n de sus nichos ecol&#xF3;gicos para determinar su distribuci&#xF3;n potencial en la microcuenca Tula, M&#xE9;xico. Primeramente se diagnostic&#xF3; la microcuenca mediante un an&#xE1;lisis espacial, seguido por la modelaci&#xF3;n de nichos ecol&#xF3;gicos de las dos leguminosas con la herramienta BIOCLIM del programa DIVA-GIS 7.5.0. El diagn&#xF3;stico sirvi&#xF3; como base para dise&#xF1;ar estrategias que permitan combatir el deterioro de sus recursos naturales, y de &#xE9;l se concluy&#xF3; que en el periodo analizado (25 a&#xF1;os), el &#xE1;rea agr&#xED;cola se increment&#xF3; un 33% y una p&#xE9;rdida de superficie forestal de 22%. Las tasas de cambio y probabilidad de permanencia indicaron que de continuar con la tendencia actual seguir&#xE1;n increment&#xE1;ndose las &#xE1;reas agr&#xED;colas y los cuerpos de agua, as&#xED; como el abandono de algunas superficies debido a su baja productividad. Por otra parte, en la modelaci&#xF3;n de nichos se encontr&#xF3; que estas especies tienen un potencial muy bajo de distribuci&#xF3;n en esta regi&#xF3;n por lo que no se recomienda introducirlas en la microcuenca como una opci&#xF3;n de rehabilitaci&#xF3;n ya que no tendr&#xE1;n un desarrollo &#xF3;ptimo. Para poder realizar rehabilitaciones de terrenos degradados es importante la selecci&#xF3;n de las especies a utilizar ya que su distribuci&#xF3;n potencial puede no coincidir con las &#xE1;reas que se pretende rehabilitar.</subfield>
  </datafield>
  <datafield tag="650" ind1=" " ind2="4">
    <subfield code="9">144108</subfield>
    <subfield code="a">Conservaci&#xF3;n de suelos </subfield>
  </datafield>
  <datafield tag="650" ind1=" " ind2="4">
    <subfield code="9">110300</subfield>
    <subfield code="a">Suelos</subfield>
    <subfield code="x">Conservaci&#xF3;n</subfield>
    <subfield code="x">Hidalgo</subfield>
  </datafield>
  <datafield tag="700" ind1="1" ind2=" ">
    <subfield code="9">46382</subfield>
    <subfield code="a">Garc&#xED;a N&#xFA;&#xF1;ez, Rosa Mar&#xED;a</subfield>
    <subfield code="e">Director de tesis</subfield>
  </datafield>
  <datafield tag="856" ind1=" " ind2=" ">
    <subfield code="u">http://10.13.5.2/tesis/tm/Zamora_Elizalde_Mayra_Clementina.pdf</subfield>
    <subfield code="z">DESCARGAR PDF</subfield>
  </datafield>
  <datafield tag="942" ind1=" " ind2=" ">
    <subfield code="2">Clasificaci&#xF3;n Universidad Aut&#xF3;noma Chapingo</subfield>
    <subfield code="c">TD</subfield>
  </datafield>
  <datafield tag="999" ind1=" " ind2=" ">
    <subfield code="c">218641</subfield>
    <subfield code="d">218641</subfield>
  </datafield>
  <datafield tag="952" ind1=" " ind2=" ">
    <subfield code="0">0</subfield>
    <subfield code="1">0</subfield>
    <subfield code="2">local</subfield>
    <subfield code="4">0</subfield>
    <subfield code="5">1</subfield>
    <subfield code="7">0</subfield>
    <subfield code="8">TesDigM</subfield>
    <subfield code="a">BD</subfield>
    <subfield code="b">BD</subfield>
    <subfield code="c">E_L</subfield>
    <subfield code="d">2023-05-09</subfield>
    <subfield code="l">0</subfield>
    <subfield code="o">Tesis digital</subfield>
    <subfield code="r">2023-05-09 00:00:00</subfield>
    <subfield code="w">2023-05-09</subfield>
    <subfield code="y">TD</subfield>
  </datafield>
</record>
